Credibility (Record no. 16713)
[ view plain ]
| 000 -LEADER | |
|---|---|
| fixed length control field | 00644nam a22002177a 4500 |
| 003 - CONTROL NUMBER IDENTIFIER | |
| control field | OSt |
| 005 - DATE AND TIME OF LATEST TRANSACTION | |
| control field | 20180316163241.0 |
| 008 - FIXED-LENGTH DATA ELEMENTS--GENERAL INFORMATION | |
| fixed length control field | 180316b xxu||||| |||| 00| 0 eng d |
| 020 ## - INTERNATIONAL STANDARD BOOK NUMBER | |
| International Standard Book Number | 9780470651711 |
| 040 ## - CATALOGING SOURCE | |
| Transcribing agency | kabu |
| 050 ## - LIBRARY OF CONGRESS CALL NUMBER | |
| Classification number | HD 57.7 |
| Item number | .K68 2011 C.1 |
| 100 ## - MAIN ENTRY--PERSONAL NAME | |
| Personal name | Kouzes, James M. |
| 245 ## - TITLE STATEMENT | |
| Title | Credibility |
| Remainder of title | How leaders gain and lose it, why people demand it |
| Statement of responsibility, etc. | James M. Kouzes and Barry Z. Posner |
| 260 ## - PUBLICATION, DISTRIBUTION, ETC. (IMPRINT) | |
| Place of publication, distribution, etc. | USA |
| Name of publisher, distributor, etc. | Jossey-Bass a Wiley Imprint |
| Date of publication, distribution, etc. | 2011 |
| 300 ## - PHYSICAL DESCRIPTION | |
| Extent | xxi, 250p. |
| 650 ## - SUBJECT ADDED ENTRY--TOPICAL TERM | |
| Topical term or geographic name as entry element | Leadership |
| 650 ## - SUBJECT ADDED ENTRY--TOPICAL TERM | |
| Topical term or geographic name as entry element | Executive ability |
| 650 ## - SUBJECT ADDED ENTRY--TOPICAL TERM | |
| Topical term or geographic name as entry element | Interpersonal relations |
| 700 ## - ADDED ENTRY--PERSONAL NAME | |
| Personal name | Barry Z. Posner |
| 942 ## - ADDED ENTRY ELEMENTS (KOHA) | |
| Source of classification or shelving scheme | Library of Congress Classification |
| Koha item type | General Collection |
| Withdrawn status | Lost status | Source of classification or shelving scheme | Not for loan | Home library | Current library | Date acquired | Inventory number | Total Checkouts | Full call number | Barcode | Date last seen | Copy number | Price effective from | Koha item type |
|---|---|---|---|---|---|---|---|---|---|---|---|---|---|---|
| Library of Congress Classification | Kabarak, Main Campus | Kabarak, Main Campus | 16/03/2018 | 2018/2137 | HD 57.7 .K68 2011 C.1 | 024749 | 02/08/2024 | C. 1 | 16/03/2018 | General Collection | ||||
| Library of Congress Classification | Kabarak, Main Campus | Kabarak, Main Campus | 16/03/2018 | 2018/2138 | HD 57.7 .K68 2011 C.2 | 024754 | 02/08/2024 | C. 2 | 16/03/2018 | General Collection |